000
00327 a2200109 4500
001
ART_10875
005
20260410161732.0
008
260409a
245
1
0
_a
El Plan Económico del 4 de abril de 1986
100
1
_a
Di Tella, Guido
773
0
_t
Ejecutivos de finanzas
_g
- Año 3, Nº 27 (may. 1986)
_w
REV2863
999
_c
17920
_d
17920